00635 2200169 4500245007700000020002200077250001500099100002700114650002200141005001900163260003300182041001400215084000800229300003400237500018500271336000900456 aEkonomi Kerakyatan b : Koperasi dan UMKMcAskardiya Mirza GayatihText a978-602-6618-72-6 aEd. Revisi aAskardiya Mirza Gayati aKoperasi dan UMKM a20241010082448 aJakartabUnindra Pressc2023 aIndonesia a334 aJil 1., x, 208 hlm. :c23 cm. aBuku ini memberikan teori-teori mendasar tentang Koperasi dan UMKM, mulai dari sejarah dan perkembangannya sampai strategi-strategi untuk memperkuat Koperasi dan UMKM di Indonesia. atext